El gigante egoísta y otros cuentos / (Record no. 23541)

000 -CABECERA
fixed length control field 00608nam a22001937i 4500
003 - IDENTIFICADOR DEL NÚMERO DE CONTROL
control field AR-CdUCM
008 - DATOS DE LONGITUD FIJA--INFORMACIÓN GENERAL
fixed length control field 260304b20212021 pe||||| |||| 00| 0 spa d
020 ## - NÚMERO INTERNACIONAL ESTÁNDAR DEL LIBRO
ISBN 978-612-4455-17-9
040 ## - FUENTE DE LA CATALOGACIÓN
Agencia/entidad que catalogó originalmente la obra MUNICIPALIDAD PROVINCIAL DEL CUSCO
Entidad que transcribió la catalogación BIBLIOTECA MUNICIPAL DEL CUSCO
082 ## - NÚMERO DE LA CLASIFICACIÓN DECIMAL DEWEY
No. de Clasificación EP / 869.56
Notacion interna W56
100 ## - ENTRADA PRINCIPAL--NOMBRE DE PERSONA
Nombre Personal Wilde, Oscar Fingal O'Flahertie Wills
245 ## - MENCIÓN DE TÍTULO
Título El gigante egoísta y otros cuentos /
260 ## - PUBLICACIÓN, DISTRIBUCIÓN, ETC.
Lugar de publicación, distribución, etc. Huánuco-Perú
Nombre de la editorial, distribuidor, etc. Ediciones Rocinante E.I.R.L.
Fecha de publicación, distribución, etc. 2021
300 ## - DESCRIPCIÓN FÍSICA
Nº de Páginas Extensión 62 páginas. :
Dimensiones 23x17 cm.
505 ## - NOTA DE CONTENIDO CON FORMATO
Nota de contenido formateada Cuentos
942 ## - ELEMENTOS DE PUNTO DE ACCESO ADICIONAL (KOHA)
Fuente de clasificación
Tipo de item Libros-BMC
945 ## - PROCESAMIENTO DE INFORMACIÓN LOCAL (OCLC)
Catalogador pbjr
AAAA-MM-DD - Fecha de ingreso o modificacion 04-03-2026
Holdings
Estado de retiro (separado) Fuente de clasificación o esquema de estanterías Estado dañado Ubicación Sala donde se ubica Nombre de la colección Fecha de adquisición o compra Fuente de adquisición Costo, precio normal en soles Signatura topográfica Código de Barras Última vez visto (Koha) Tipo de ítem (Koha)
No     Sala de Infantes Sala de Infantes Book Cart 2026-03-04 Donación 10.00 EP / 869.56 / W56 SI00005165 2026-03-04 Libros-BMC

Powered by Koha